000 00463nam a2200181Ia 4500
008 090630s9999 xx 000 0 und d
082 _b16224
100 _aFrederick Forsyth.
245 _aThe Devils Alternative.
_cFrederick Forsyth.
260 _b---
300 _a478
600 _aFrederick Forsyth.
630 _aThe Devils Alternative.
655 _aEnglish.
700 _aFrederick Forsyth.
730 _aThe Devils Alternative.
942 _cBOOK
999 _c268080
_d268080